5HLuxD.jpg

KING HENRY VIII SENIOR AND PRIMARY SCHOOL LIBRARY OPAC

TEA PARTY PARADE (Record no. 5250)

000 -LEADER
fixed length control field 00367nam a22001217a 4500
008 - FIXED-LENGTH DATA ELEMENTS--GENERAL INFORMATION
fixed length control field 250828b ||||| |||| 00| 0 eng d
020 ## - INTERNATIONAL STANDARD BOOK NUMBER
International Standard Book Number 9781800900011
082 ## - DEWEY DECIMAL CLASSIFICATION NUMBER
Classification number 823.92 SHA
100 ## - MAIN ENTRY--PERSONAL NAME
Personal name SHARRATT,NICK
Relator term AUTHOR
Language of a work ENGLISH
245 ## - TITLE STATEMENT
Title TEA PARTY PARADE
260 ## - PUBLICATION, DISTRIBUTION, ETC.
Place of publication, distribution, etc. MACKEN HOUSE,39/40 MAYOR STREET UPPER,DUBLIN 1,DO1 C9W8,IRELAND
Name of publisher, distributor, etc. BARRINGTON STOKE
Date of publication, distribution, etc. 2021
942 ## - ADDED ENTRY ELEMENTS (KOHA)
Source of classification or shelving scheme
Holdings
Withdrawn status Lost status Source of classification or shelving scheme Damaged status Not for loan Collection code Permanent Location Current Location Shelving location Date acquired Source of acquisition Total Checkouts Full call number Barcode Date due Date last seen Date last checked out Price effective from Koha item type Public note
          Fiction KH8 Primary School Library KH8 Primary School Library Fiction 2025-08-28 SOF 5 823.92 SHA KHPL000007099 2026-04-21 2026-04-13 2026-04-13 2025-08-28 Books - Fiction PRIMARY LIBRARY

Powered By KH8 IT Dept